| 000 | 00974nam a2200325 i 4500 | ||
|---|---|---|---|
| 003 | EG-GICUC | ||
| 005 | 20260308112514.0 | ||
| 008 | 260301s1962 fr ||||fr|||| 00| 0 fre d | ||
| 040 |
_aEG-GiCUC _bfre _cEG-GiCUC _dEG-GiCUC _eRda |
||
| 041 | _afre | ||
| 082 | 0 | 4 |
_221 _a341.65 _bCO.C |
| 092 | 0 | 4 | _221 |
| 099 | _aLaw1 11 341.65 CO.C 1962 | ||
| 100 | 1 |
_aCoursier , Henri _eAuteur |
|
| 245 |
_aLa Croix Rouge Internationale / _cHenri Coursier . |
||
| 264 |
_aParis : _bPresses Universitaires De France , _c1962. |
||
| 300 |
_a128 page ; _c 24 cm. |
||
| 336 |
_2rda contenu _a texte |
||
| 337 |
_2rda medias _aOrdinateur |
||
| 338 |
_2 transporteur rda _a Ressource en ligne |
||
| 490 |
_a QUE SAIS-JE? _vNo.831 |
||
| 546 | _aTexte en français | ||
| 650 | 1 | _adroit international | |
| 650 | 1 | _atraitement | |
| 650 | 1 | _aLes blessés | |
| 651 | 1 | _2qrmak | |
| 856 | 4 | 0 | _uhttps://fll.law.cu.edu.eg/fulltext/bks/B11-09395.pdf |
| 905 | _a60 | ||
| 942 |
_2ddc _cBK _e21 _n0 |
||
| 999 |
_c64468 _d64468 |
||